[Event "London Classic FIDE Open"]
[Site "London ENG"]
[Date "2011.12.08"]
[Round "6"]
[White "Svaralova, Monika"]
[Black "Anderton, Matthew N"]
[Result "0-1"]
[WhiteElo "2025"]
[BlackElo "2227"]
[WhiteFideId "14927420"]
[BlackFideId "403237"]
[EventDate "2011.12.03"]

1. d4 e6 2. c4 Nf6 3. Nc3 Bb4 4. e3 O-O 5. Bd3 c5 6. Ne2 d5 7. cxd5 cxd4 8. exd4
Nxd5 9. O-O Nc6 10. a3 Be7 11. Qc2 g6 12. Rd1 Bf6 13. Bb5 Nce7 14. Ne4 Bg7 15.
Bg5 Bd7 16. Bxd7 Qxd7 17. Nc5 Qc6 18. Qe4 b6 19. Nd3 h6 20. Bd2 Nb4 21. d5 Nbxd5
22. Rac1 Qb5 23. a4 Qa6 24. Nef4 Rac8 25. Nb4 Qxa4 26. Nxe6 fxe6 27. Qxe6+ Kh7
28. Nxd5 Nxd5 29. Qxd5 Rcd8 30. Qb7 Rd7 31. b3 Qd4 32. Qc6 Qxf2+ 33. Kh1 Rxd2 0-1

[Event "London Classic FIDE Open"]
[Site "London ENG"]
[Date "2011.12.08"]
[Round "6"]
[White "Nelson, Omowale"]
[Black "Aryan, Chopra"]
[Result "1/2-1/2"]
[WhiteElo "2070"]
[BlackElo "1836"]
[WhiteFideId "7400209"]
[BlackFideId "5084423"]
[EventDate "2011.12.03"]

1. d4 d5 2. c4 c6 3. Nf3 Nf6 4. g3 Bf5 5. Bg2 e6 6. Nc3 Nbd7 7. O-O Bd6 8. Nh4
Bg6 9. Nxg6 hxg6 10. e4 dxe4 11. Nxe4 Nxe4 12. Bxe4 Nf6 13. Bf3 O-O 14. Bg5 Qc7
15. Re1 Rad8 16. Qb3 b6 17. Kg2 Rfe8 18. h4 e5 19. c5 bxc5 20. dxc5 Bxc5 21.
Rac1 Qb6 22. Qxb6 axb6 23. Bxc6 Re6 24. Bb5 e4 25. a4 Re5 26. Re2 Ra8 27. Bf4
Re7 28. Rc4 Nd5 29. Rexe4 Rxe4 30. Rxe4 Nxf4+ 31. Rxf4 Rd8 32. Bc4 Rd7 33. g4
Kf8 34. g5 Rc7 35. b3 Ke8 36. Kh3 Bd6 37. Bb5+ Kf8 38. Rd4 Bc5 39. Rd8+ Ke7 40.
Re8+ Kd6 41. Kg3 Bb4 42. Bc4 Bc3 43. Rf8 f6 44. Rb8 Kc5 45. gxf6 Bxf6 46. Kg4
Rd7 47. Rc8+ Kb4 48. Rc6 Rb7 49. f4 Rb8 50. h5 gxh5+ 51. Kxh5 Bd4 52. Kg6 Rf8
53. Kg5 Be3 54. Kg6 Rxf4 55. Kxg7 Bc5 1/2-1/2

[Event "London Classic FIDE Open"]
[Site "London ENG"]
[Date "2011.12.08"]
[Round "6"]
[White "Eriksen, Magnus"]
[Black "Fransson, Angelina"]
[Result "1-0"]
[WhiteElo "2063"]
[BlackElo "1940"]
[WhiteFideId "1509764"]
[BlackFideId "1712632"]
[EventDate "2011.12.03"]

1. e4 c5 2. Nf3 d6 3. d4 cxd4 4. Nxd4 Nf6 5. Nc3 e6 6. Be3 a6 7. Qf3 Qc7 8. g4
h6 9. h4 Nc6 10. Nxc6 bxc6 11. g5 hxg5 12. hxg5 Rxh1 13. Qxh1 Ng4 14. Bd2 d5 15.
Be2 Ne5 16. f4 Nd7 17. O-O-O Rb8 18. f5 Qb7 19. b3 Nb6 20. Bf4 Ra8 21. Bg4 a5
22. g6 Qe7 23. gxf7+ Kd8 24. exd5 exd5 25. Kb1 Bd7 26. Bh5 Qb4 27. Bd2 Nc4 28.
Bg5+ Kc8 29. Nxd5 Na3+ 30. Kb2 cxd5 31. Qxd5 Ra7 32. Rd3 Rc7 33. Qa8+ Qb8 34.
Qxb8+ Kxb8 35. Bf4 Kc8 36. Bxc7 Kxc7 37. Rd5 Nb5 38. a4 Nd6 39. Rxa5 Bxf5 40.
Ra8 Nc8 41. c3 g6 42. Be2 g5 43. Ra5 Nd6 44. Re5 Bg6 45. Rxg5 Bxf7 46. Bd3 Be7
47. Rg7 Bf6 48. Rh7 Kb6 49. b4 Bg8 50. a5+ Kc6 51. b5+ 1-0

[Event "London Classic FIDE Open"]
[Site "London ENG"]
[Date "2011.12.08"]
[Round "6"]
[White "Andreev, Peter"]
[Black "Hansen, Pal Andreas"]
[Result "0-1"]
[WhiteElo "1914"]
[BlackElo "2056"]
[WhiteFideId "406350"]
[BlackFideId "1506145"]
[EventDate "2011.12.03"]

1. e4 e6 2. d4 d5 3. Nc3 Nf6 4. Bg5 dxe4 5. Nxe4 Be7 6. Bxf6 gxf6 7. Nf3 a6 8.
c3 f5 9. Ned2 O-O 10. Be2 Nc6 11. a4 b6 12. Nc4 Bb7 13. Nfe5 Bf6 14. Nxc6 Bxc6
15. Bf3 Qd7 16. O-O Kh8 17. Bxc6 Qxc6 18. Qe2 Rg8 19. g3 Rg7 20. Ne5 Bxe5 21.
Qxe5 Rd8 22. Rfd1 Rd5 23. Qe2 f4 24. Qxa6 fxg3 25. fxg3 Rdg5 26. Qe2 h5 27. Qg2
Qd6 28. Rd3 h4 29. Kf2 hxg3+ 30. hxg3 c6 31. Rh1+ Kg8 32. Rh4 Kf8 33. c4 Ke7 34.
b3 Kd7 35. Qh3 Qa3 36. g4 Qb2+ 37. Ke3 f5 38. Rh7 Qc1+ 39. Ke2 Qc2+ 40. Ke3 f4+
41. Kxf4 Qf2+ 42. Ke4 Qe2+ 43. Kf4 Rxg4+ 44. Qxg4 Qxg4+ 0-1

[Event "London Classic FIDE Open"]
[Site "London ENG"]
[Date "2011.12.08"]
[Round "6"]
[White "Cohen, Ronnie"]
[Black "Tozer, Philip A A"]
[Result "0-1"]
[WhiteElo "1930"]
[BlackElo "2159"]
[WhiteFideId "412082"]
[BlackFideId "419982"]
[EventDate "2011.12.03"]

1. e4 e6 2. d4 d5 3. Nc3 Nf6 4. e5 Nfd7 5. f4 c5 6. Nf3 Nc6 7. Be3 cxd4 8. Nxd4
Bc5 9. Qd2 O-O 10. O-O-O a6 11. g4 Nxd4 12. Bxd4 b5 13. g5 b4 14. Ne2 a5 15. h4
Ba6 16. Ng3 Qc7 17. Bxa6 Rxa6 18. Kb1 a4 19. Bxc5 Nxc5 20. h5 b3 21. cxb3 axb3
22. a3 Ra4 23. Rc1 Qb6 24. Qf2 d4 25. Rhd1 Qb5 26. Qf1 d3 27. f5 Qa5 28. Qf2 Ne4
29. Nxe4 Rxe4 30. f6 Qxe5 31. fxg7 Kxg7 32. h6+ Kg8 33. Rxd3 Re2 34. Qd4 Qxd4
35. Rxd4 Rg2 36. Rd3 Rxg5 37. Rxb3 Rg6 38. Rh3 f5 39. b4 f4 40. b5 f3 41. Kb2 e5
42. Rf1 e4 43. Kc3 Rd6 44. a4 Rd3+ 45. Kb4 Rd4+ 46. Kb3 Ra8 47. Ra1 f2 48. Rf1
Rdxa4 49. Rg3+ Kh8 50. Rg7 Ra3+ 51. Kb4 Rf3 52. b6 e3 53. b7 Rb8 54. Re7 Kg8 55.
Kc5 Kf8 56. Kd6 Rf6+ 57. Re6 Rxe6+ 58. Kxe6 Rxb7 59. Kd5 Rf7 0-1

[Event "London Classic FIDE Open"]
[Site "London ENG"]
[Date "2011.12.08"]
[Round "6"]
[White "Herda, Christoph"]
[Black "Pedersen, Carsten"]
[Result "0-1"]
[WhiteElo "1908"]
[BlackElo "2133"]
[WhiteFideId "24623369"]
[BlackFideId "1409760"]
[EventDate "2011.12.03"]

1. Nc3 d5 2. e4 e6 3. Nf3 Nf6 4. e5 Nfd7 5. Ne2 c5 6. c3 Nc6 7. d4 Qb6 8. g3
cxd4 9. cxd4 g5 10. a3 h6 11. Bh3 Na5 12. O-O Nb3 13. Rb1 Nb8 14. Qd3 Nc6 15.
Be3 Bd7 16. Nd2 Nca5 17. Nc3 Be7 18. Nxb3 Nxb3 19. Bg4 O-O-O 20. Bd1 Na5 21. b4
Nc4 22. Na4 Bxa4 23. Bxa4 Qa6 24. Bb3 Nxa3 25. Qxa6 bxa6 26. Rfc1+ Kb7 27. Rb2
Rc8 28. Ra1 Nb5 29. Bd1 Rc6 30. Be2 Rb6 31. Bf1 Rc8 32. Rba2 Rcc6 33. Kg2 Bxb4
34. h4 Be7 35. g4 Nc7 36. h5 Nb5 37. f4 Nc3 38. Rc2 Ne4 39. Rxc6 Rxc6 40. f5
Rc2+ 41. Kf3 Rc6 42. Bd3 Nc3 43. Bd2 Bb4 44. f6 a5 45. Rh1 Ne4 46. Be3 Bd2 47.
Bxd2 Nxd2+ 48. Ke3 Nc4+ 49. Ke2 a4 50. Rb1+ Rb6 51. Rxb6+ axb6 52. Kd1 Nb2+ 0-1

[Event "London Classic FIDE Open"]
[Site "London ENG"]
[Date "2011.12.08"]
[Round "6"]
[White "Kane, Robert"]
[Black "Duncan, Patrick C M"]
[Result "0-1"]
[WhiteElo "1888"]
[BlackElo "2125"]
[WhiteFideId "420468"]
[BlackFideId "405787"]
[EventDate "2011.12.03"]

1. d4 Nf6 2. Nf3 e6 3. e3 d5 4. Bd3 Bd6 5. b3 O-O 6. Bb2 c5 7. Nbd2 b6 8. O-O
Bb7 9. Ne5 Ne4 10. f4 f6 11. Nef3 f5 12. Ne5 Nd7 13. c4 Rc8 14. Nxd7 Qxd7 15.
Nf3 Qe7 16. Qe2 Rfd8 17. Rfd1 Rc7 18. Bxe4 fxe4 19. Ne5 Bxe5 20. dxe5 Rcd7 21.
cxd5 Rxd5 22. Rxd5 Rxd5 23. Rd1 Qd7 24. Rxd5 Qxd5 25. Kf2 a6 26. Qc4 Qxc4 27.
bxc4 a5 28. g4 g6 29. f5 gxf5 30. gxf5 Kf7 31. Kg3 exf5 32. e6+ Kxe6 33. Kf4 Ba6
34. Be5 Bxc4 35. Bc7 b5 36. Bxa5 Bxa2 37. Bb6 Kd5 38. Kxf5 b4 39. Bd8 Bb1 40.
Kg5 Kc4 41. h4 b3 42. Bf6 Kd3 43. Kh6 Kxe3 44. Kxh7 Kd2 0-1

[Event "London Classic FIDE Open"]
[Site "London ENG"]
[Date "2011.12.08"]
[Round "6"]
[White "Kristinsson, Bjarni Jens"]
[Black "Bala kannamma.P"]
[Result "1/2-1/2"]
[WhiteElo "2045"]
[BlackElo "1927"]
[WhiteFideId "2302950"]
[BlackFideId "5081432"]
[EventDate "2011.12.03"]

1. e4 c5 2. Nf3 a6 3. c3 d5 4. exd5 Qxd5 5. d4 Nf6 6. dxc5 Qxc5 7. Be3 Qc7 8.
Be2 e5 9. O-O Bd6 10. Nbd2 e4 11. Nc4 Bc5 12. Nd4 O-O 13. Qc2 b5 14. Nd2 Bb7 15.
a4 bxa4 16. Rxa4 Nbd7 17. Rfa1 Nb6 18. Ra5 Nbd5 19. Nxe4 Bxd4 20. Bxd4 Nxe4 21.
Qxe4 Nxc3 22. Qg4 Nxe2+ 23. Qxe2 Rad8 24. Bc3 1/2-1/2

[Event "London Classic FIDE Open"]
[Site "London ENG"]
[Date "2011.12.08"]
[Round "6"]
[White "De Coverly, Roger D"]
[Black "De Lagontrie, Jean"]
[Result "1-0"]
[WhiteElo "2027"]
[BlackElo "1912"]
[WhiteFideId "405213"]
[BlackFideId "605271"]
[EventDate "2011.12.03"]

1. e4 c5 2. Nf3 e6 3. d3 Nc6 4. g3 d5 5. Nbd2 Nf6 6. Bg2 Be7 7. O-O O-O 8. Re1
b5 9. e5 Nd7 10. h4 a5 11. Nf1 b4 12. N1h2 Ba6 13. h5 h6 14. Ng4 Kh7 15. Qd2 Nd4
16. Nxd4 cxd4 17. Nxh6 Rc8 18. Ng4 Qc7 19. Re2 Bb5 20. Qe1 a4 21. b3 a3 22. Bf4
Qa5 23. Qd2 Rc6 24. Bh6 Rh8 25. Qf4 f5 26. exf6 gxf6 27. Bxd5 Qc7 28. Qxc7 Rxc7
29. Bxe6 Nf8 30. Bf4 Ra7 31. Bf5+ Kg7 32. h6+ Kf7 33. Rae1 Bc6 34. Bb8 Rb7 35.
Bc8 Ng6 36. Bxb7 Bxb7 37. Ba7 Bf3 38. Nh2 Ba8 39. Bxd4 Rxh6 40. f3 Rh3 41. Kg2
Rh5 42. Ng4 Rd5 43. Ba1 Rc5 44. d4 Rc7 45. Kf2 Bb7 46. f4 Ba6 47. Rd2 Bd6 48.
Nh6+ Kf8 49. Nf5 Be7 50. Nxe7 1-0

[Event "London Classic FIDE Open"]
[Site "London ENG"]
[Date "2011.12.08"]
[Round "6"]
[White "Jones, Steven A"]
[Black "Wood, Peter R"]
[Result "1/2-1/2"]
[WhiteElo "1878"]
[BlackElo "2027"]
[WhiteFideId "419630"]
[BlackFideId "422215"]
[EventDate "2011.12.03"]

1. Nf3 e6 2. c4 f5 3. g3 Nf6 4. Bg2 Be7 5. O-O O-O 6. d4 d6 7. b4 Ne4 8. Bb2 a5
9. bxa5 Rxa5 10. Nc3 Bf6 11. Nd2 Nxc3 12. Bxc3 Ra7 13. Qb3 Nc6 14. e3 Bd7 15. d5
Na5 16. Qb2 b6 17. Rfc1 Bxc3 18. Qxc3 e5 19. a3 Qe7 20. Ra2 Rfa8 21. Rca1 Nb7
22. f4 e4 23. Nb3 Kf7 24. Nd4 Nc5 25. Bf1 Qf6 26. Be2 g6 27. Bd1 h5 28. h4 Ra5
29. Bc2 1/2-1/2

[Event "London Classic FIDE Open"]
[Site "London ENG"]
[Date "2011.12.08"]
[Round "6"]
[White "Veznik, Michael"]
[Black "Heaton, Paul"]
[Result "1/2-1/2"]
[WhiteElo "1821"]
[BlackElo "2026"]
[WhiteFideId "360287"]
[BlackFideId "411116"]
[EventDate "2011.12.03"]

1. c4 Nf6 2. Nc3 g6 3. g3 Bg7 4. Bg2 O-O 5. d4 d6 6. e4 e5 7. d5 a5 8. Nge2 Na6
9. O-O Nh5 10. Be3 f5 11. exf5 gxf5 12. f4 Nf6 13. h3 Qe7 14. fxe5 dxe5 15. Qd2
Nc5 16. Bg5 Ra6 17. Rae1 h6 18. Bh4 Ncd7 19. b3 Qc5+ 20. Kh1 Nb6 21. Nc1 e4 22.
N1e2 c6 23. dxc6 bxc6 24. Nf4 Ra7 25. g4 fxg4 26. Bf2 Qb4 27. a3 Qxb3 28. Rb1
Qxc4 29. Bxb6 Rd7 30. Qc1 Rdf7 31. Ng6 gxh3 32. Bxh3 Bxh3 33. Rg1 Re8 34. Bxa5
Nd5 35. Qxh6 Bxh6 36. Ne5+ Kh7 37. Nxc4 Rg8 38. Nxe4 Rxg1+ 39. Rxg1 Rf4 40. Ncd6
Bf1 41. Ng5+ Bxg5 42. Rxg5 Ra4 43. Bd2 Rxa3 44. Kg1 Ra2 45. Be1 Bd3 46. Bf2 Nf4
47. Rc5 Nh3+ 48. Kg2 Nxf2 49. Rxc6 Ng4+ 50. Kg3 Nf6 51. Kf4 Ra5 52. Ke3 1/2-1/2

[Event "London Classic FIDE Open"]
[Site "London ENG"]
[Date "2011.12.08"]
[Round "6"]
[White "Cannon, Raymond C"]
[Black "Homolka, Vincent"]
[Result "1/2-1/2"]
[WhiteElo "2024"]
[BlackElo "1859"]
[WhiteFideId "408018"]
[BlackFideId "423033"]
[EventDate "2011.12.03"]

1. Nf3 Nf6 2. d3 d5 3. Nbd2 Nc6 4. e4 e5 5. exd5 Qxd5 6. Be2 Bc5 7. O-O O-O 8.
Nb3 Bb6 9. a4 a6 10. a5 Ba7 11. Ng5 Bf5 12. Bf3 Qd7 13. Be3 Bxe3 14. fxe3 Bg4
15. Nc5 Bxf3 16. Qxf3 Qg4 17. Nxb7 Qxf3 18. Nxf3 Rfb8 19. Nc5 Rxb2 20. Rfc1 Rb5
21. Nb3 Rab8 22. Ra4 Rb4 23. Raa1 R4b5 24. Kf2 Kf8 25. Nfd2 Nd7 26. Ne4 Ke7 27.
Nc3 R5b7 28. Ra4 Nb4 29. Rxb4 Rxb4 30. Nd5+ Kd6 31. Nxb4 Rxb4 32. Ra1 Nc5 33.
Nd2 f6 34. Ra3 Kc6 35. Rc3 Kb5 36. Nc4 Ne4+ 37. dxe4 Rxc4 38. Rb3+ Kxa5 39. Kf3
Rxc2 40. Rd3 c5 41. Rd7 c4 42. Rxg7 c3 43. Rxh7 Rd2 44. Rc7 c2 45. h4 Kb6 46.
Rc8 a5 47. h5 Kb7 48. Rc3 a4 49. h6 Kb6 50. h7 Rd8 51. Rxc2 Rh8 52. Rb2+ Ka6 53.
Rb4 Ka5 54. Rb7 Ka6 55. Rb2 Rxh7 56. Kg4 Rb7 57. Ra2 Ka5 58. Kf5 Rb6 59. g4 Kb4
60. Rb2+ Kc5 61. Rc2+ Kb4 62. Rb2+ Kc5 63. Rc2+ Kb4 1/2-1/2

[Event "London Classic FIDE Open"]
[Site "London ENG"]
[Date "2011.12.08"]
[Round "6"]
[White "Johansen, Stian"]
[Black "Chidi, Lovinia Sylvia"]
[Result "1-0"]
[WhiteElo "2012"]
[BlackElo "1815"]
[WhiteFideId "1508121"]
[BlackFideId "1270574"]
[EventDate "2011.12.03"]

1. d4 Nf6 2. c4 e6 3. Nc3 b6 4. e4 d6 5. f4 Bb7 6. Bd3 c5 7. d5 e5 8. fxe5 dxe5
9. Nf3 Nbd7 10. O-O Bd6 11. Nh4 g6 12. Bg5 O-O 13. Qf3 Kg7 14. Nb5 Bb8 15. Qh3
a6 16. Nc3 h6 17. Bxh6+ Kg8 18. Nf5 Nh7 19. Bxf8 Qxf8 20. Nh6+ Kh8 21. Nxf7+ 1-0

[Event "London Classic FIDE Open"]
[Site "London ENG"]
[Date "2011.12.08"]
[Round "6"]
[White "Blazquez, Denis"]
[Black "Millward, Kevin P"]
[Result "1-0"]
[WhiteElo "2178"]
[BlackElo "1971"]
[WhiteFideId "601705"]
[BlackFideId "404721"]
[EventDate "2011.12.03"]

1. d4 g6 2. c4 Bg7 3. e4 d6 4. Nc3 e5 5. d5 f5 6. Bd3 Nf6 7. f3 Na6 8. b4 O-O 9.
Rb1 fxe4 10. Nxe4 Nxe4 11. Bxe4 Qh4+ 12. g3 Qf6 13. Be3 h6 14. Qc2 Bf5 15. Rb3
Kh7 16. Bd2 Bxe4 17. Qxe4 Qf5 18. g4 Qxe4+ 19. fxe4 c6 20. dxc6 bxc6 21. Rd3
Rad8 22. Ke2 Rf7 23. Nf3 d5 24. cxd5 cxd5 25. Rxd5 Rxd5 26. exd5 Rd7 27. Rc1 e4
28. Nh4 Nc7 29. Rc6 g5 30. Nf5 Nxd5 31. b5 Nf4+ 32. Bxf4 gxf4 33. Re6 e3 34. Kf3
h5 35. Kxf4 hxg4 36. Rxe3 Bh6+ 37. Nxh6 Kxh6 38. Kxg4 Rd4+ 39. Kf5 Rb4 40. Rb3
Rh4 41. Rb2 Kg7 42. Ke6 Kf8 43. Kd7 Rc4 44. Rf2+ Kg7 45. Kd6 Kg6 46. Kd5 Ra4 47.
Kc5 Kg5 48. Rd2 Kf5 49. h3 Ke5 50. Rh2 Rh4 51. b6 axb6+ 52. Kxb6 Kf6 53. Kb5 Kg7
54. a4 Kh7 55. a5 Rh5+ 56. Kb6 Rh4 57. Ra2 Rxh3 58. a6 Rb3+ 59. Kc5 Rc3+ 60. Kb4
Rg3 61. a7 Rg4+ 62. Kc3 Rg3+ 63. Kd4 Rg4+ 64. Ke3 1-0

[Event "London Classic FIDE Open"]
[Site "London ENG"]
[Date "2011.12.08"]
[Round "6"]
[White "Hjort, Helge"]
[Black "Guiot, Jerome"]
[Result "0-1"]
[WhiteElo "1969"]
[BlackElo "2100"]
[WhiteFideId "1436678"]
[BlackFideId "609765"]
[EventDate "2011.12.03"]

1. d4 Nf6 2. Nf3 d5 3. c4 c6 4. Nc3 dxc4 5. a4 Bf5 6. e3 e6 7. Bxc4 Bb4 8. O-O
O-O 9. Nh4 Bg6 10. Nxg6 hxg6 11. Bd2 Nbd7 12. Na2 Bd6 13. Be2 a5 14. Bc3 Qc7 15.
g3 Rfd8 16. Rc1 e5 17. Qc2 e4 18. Bd2 Re8 19. Nc3 Rac8 20. Qb3 Qb8 21. Bc4 Re7
22. Ne2 Bc7 23. Nf4 Nf8 24. h4 Rd8 25. Bc3 Qc8 26. Kg2 Bxf4 27. exf4 e3 28. f3
Ne6 29. Rfe1 Nd5 30. Bxd5 Rxd5 31. Qc2 Qd7 32. f5 gxf5 33. Qd3 Nc5 0-1

[Event "London Classic FIDE Open"]
[Site "London ENG"]
[Date "2011.12.08"]
[Round "6"]
[White "White, David J"]
[Black "Bass, John W"]
[Result "1/2-1/2"]
[WhiteElo "1958"]
[BlackElo "2071"]
[WhiteFideId "402931"]
[BlackFideId "407925"]
[EventDate "2011.12.03"]

1. e4 c5 2. c3 d5 3. exd5 Qxd5 4. d4 e6 5. Nf3 Nf6 6. Bd3 Be7 7. O-O cxd4 8.
cxd4 O-O 9. Nc3 Qd6 10. b3 b6 11. Ne4 Qc7 12. Nxf6+ Bxf6 13. Be3 Bb7 14. Rc1 Qd6
15. Qc2 Na6 16. Bxh7+ Kh8 17. Be4 Nb4 18. Qb1 Bxe4 19. Qxe4 Nxa2 20. Rc6 Qd7 21.
Bg5 Rac8 22. Qh4+ Kg8 23. Bxf6 gxf6 24. Qg3+ Kh8 25. Qh4+ Kg7 26. Qg4+ 1/2-1/2

[Event "London Classic FIDE Open"]
[Site "London ENG"]
[Date "2011.12.08"]
[Round "6"]
[White "Srija, Seshadri"]
[Black "Schwartz, Julius"]
[Result "1-0"]
[WhiteTitle "WFM"]
[WhiteElo "1926"]
[BlackElo "2065"]
[WhiteFideId "5055903"]
[BlackFideId "2402831"]
[EventDate "2011.12.03"]

1. e4 c5 2. Nf3 d6 3. d4 cxd4 4. Nxd4 Nf6 5. Nc3 g6 6. Be3 Bg7 7. f3 O-O 8. Qd2
Nc6 9. O-O-O Nxd4 10. Bxd4 Be6 11. Kb1 Qc7 12. h4 Rfc8 13. g4 Qa5 14. a3 Rab8
15. h5 b5 16. hxg6 fxg6 17. Nd5 Qxd2 18. Rxd2 Nxd5 19. exd5 Bxd4 20. Rxd4 Bf7
21. g5 Rc5 22. c4 Kg7 23. Ka1 bxc4 24. Bxc4 Rbc8 25. b3 a5 26. a4 Bg8 27. Kb2
Kf8 28. Re1 Ke8 29. Bb5+ Kd8 30. Rf4 Bxd5 31. Rf8+ Kc7 32. Rxe7+ Kb6 33. Rxc8
Rxc8 34. Rxh7 Bxf3 35. Rd7 Kc5 36. Bd3 Re8 37. Ra7 Kb4 38. Ra6 Be2 39. Bxg6 Re6
40. Bf7 Re7 41. Rb6+ Kc5 42. g6 Kxb6 43. g7 Bh5 44. g8=Q Bxf7 45. Qd8+ Rc7 46.
Qxd6+ Kb7 47. Qe5 1-0

[Event "London Classic FIDE Open"]
[Site "London ENG"]
[Date "2011.12.08"]
[Round "6"]
[White "Opasiak, Dustin Tennessee"]
[Black "Reppen, Ellisiv"]
[Result "0-1"]
[WhiteElo "1737"]
[BlackElo "1949"]
[WhiteFideId "24630217"]
[BlackFideId "1504959"]
[EventDate "2011.12.03"]

1. e4 e5 2. Nf3 Nc6 3. Bc4 Bc5 4. b4 Bb6 5. c3 Nf6 6. O-O O-O 7. Re1 d6 8. a4 a6
9. h3 Be6 10. Na3 Qd7 11. d3 h6 12. Nc2 Bxc4 13. dxc4 Qe6 14. Qd3 Nh5 15. Qd5
Qg6 16. Nh4 Bxf2+ 17. Kxf2 Qg3+ 18. Kg1 Qxh4 19. Rf1 Nf6 20. Qd3 Qxe4 21. Qg3
Qg6 22. Rf3 Qxg3 23. Rxg3 Ne4 24. Rf3 f5 25. Ne3 Ne7 26. Nd5 Nxd5 27. cxd5 f4
28. Kf1 g5 29. Ke2 Ng3+ 30. Kd3 e4+ 0-1

[Event "London Classic FIDE Open"]
[Site "London ENG"]
[Date "2011.12.08"]
[Round "6"]
[White "Obiamiwe, Paul"]
[Black "Staneland, Peter E"]
[Result "1-0"]
[WhiteElo "2001"]
[BlackElo "1812"]
[WhiteFideId "8500215"]
[BlackFideId "416576"]
[EventDate "2011.12.03"]

1. Nf3 Nf6 2. c4 c5 3. Nc3 Nc6 4. d4 cxd4 5. Nxd4 g6 6. e4 d6 7. Be2 Bg7 8. Be3
O-O 9. O-O a6 10. Rc1 Bd7 11. a3 Nxd4 12. Bxd4 Bc6 13. f3 e6 14. b4 Qe7 15. Re1
Rfd8 16. Bb6 Rdc8 17. Qd2 Be8 18. Red1 Rc6 19. Bf2 Nd7 20. b5 Bxc3 21. Rxc3 axb5
22. cxb5 Rxc3 23. Qxc3 d5 24. exd5 exd5 25. Bf1 Qxa3 26. Qxa3 Rxa3 27. Rxd5 Ra1
28. Bd4 Rc1 29. b6 Nf8 30. Kf2 Ne6 31. Be3 Rc2+ 32. Kg3 Bc6 33. Rd2 Rxd2 34.
Bxd2 f5 35. Bc4 Kf7 36. Kf2 Ke7 37. Bb4+ Kf6 38. g3 Ng5 39. Be2 Bd5 40. h4 Ne6
41. Ke3 Kf7 42. f4 Ke8 43. g4 fxg4 44. Bxg4 h5 45. Be2 Bc6 46. f5 gxf5 47. Bxh5+
Kd7 48. Bg6 f4+ 49. Kf2 f3 50. h5 Ng5 51. Bf5+ Ke8 52. h6 Ne4+ 53. Kxf3 Nf6+ 54.
Kf4 Nd5+ 55. Kg5 Kf7 56. h7 Kg7 57. Bc5 Nf6 58. Bd4 Kf7 59. Bxf6 Be4 60. Bxe4 1-0

[Event "London Classic FIDE Open"]
[Site "London ENG"]
[Date "2011.12.08"]
[Round "6"]
[White "Hayward, Alan"]
[Black "Forsa, Elise"]
[Result "0-1"]
[WhiteElo "1984"]
[BlackElo "1728"]
[WhiteFideId "415936"]
[BlackFideId "1500163"]
[EventDate "2011.12.03"]

1. d4 d5 2. Nc3 Nf6 3. Bg5 e6 4. e4 dxe4 5. f3 exf3 6. Nxf3 Be7 7. Bd3 Nbd7 8.
O-O c5 9. Qd2 a6 10. Rae1 cxd4 11. Ne2 b5 12. Nexd4 Bb7 13. Kh1 Nc5 14. Nf5 exf5
15. Bxf6 gxf6 16. Nh4 Be4 17. Nxf5 Bxf5 18. Rxf5 Nxd3 19. cxd3 Qd6 20. Rf3 Kd8
21. Qh6 f5 22. Qg7 Qf6 23. Qg3 Bd6 24. Qf2 f4 25. Qb6+ Kd7 26. d4 Rhb8 27. Qa5
Qxd4 28. a3 Bc7 29. Qc3 Qxc3 30. Rxc3 Re8 31. Rd1+ Bd6 32. Rh3 Re2 33. Rh6 Re6
34. Rxh7 Ke7 35. Rh3 Rc8 36. Rhd3 Rc2 37. h4 Rh6 38. b4 Rxh4+ 39. Kg1 Rh6 40.
Rd4 Rg6 41. Kf1 Rf6 42. R4d3 Rh6 43. Kg1 a5 44. bxa5 Bc5+ 0-1

[Event "London Classic FIDE Open"]
[Site "London ENG"]
[Date "2011.12.08"]
[Round "6"]
[White "Gisbert Mir, Alejandro"]
[Black "Flynn, David"]
[Result "1/2-1/2"]
[WhiteElo "1793"]
[BlackElo "1978"]
[WhiteFideId "22253653"]
[BlackFideId "410594"]
[EventDate "2011.12.03"]

1. d4 Nf6 2. c4 g6 3. Nc3 d5 4. Nf3 Bg7 5. Qb3 dxc4 6. Qxc4 O-O 7. e4 a6 8. Be3
b5 9. Qb3 Ng4 10. a4 Nxe3 11. fxe3 Qd6 12. axb5 a5 13. Bc4 e6 14. O-O Bb7 15.
Ng5 Bc8 16. e5 Qe7 17. Nge4 Nd7 18. Qa3 Qd8 19. Na4 Bb7 20. Nac5 Nxc5 21. Nxc5
Bd5 22. Bxd5 Qxd5 23. Qb3 Qxb3 24. Nxb3 Rfb8 25. Rxa5 Rxa5 26. Nxa5 Rxb5 27. Nc4
Rb4 28. Rc1 Bh6 29. Kf2 Kf8 30. Rc2 Ke8 1/2-1/2

[Event "London Classic FIDE Open"]
[Site "London ENG"]
[Date "2011.12.08"]
[Round "6"]
[White "Calvert, D Ian"]
[Black "Cetens, Edward"]
[Result "1-0"]
[WhiteElo "1947"]
[BlackElo "1708"]
[WhiteFideId "406368"]
[BlackFideId "360465"]
[EventDate "2011.12.03"]

1. b3 d6 2. Bb2 e5 3. e3 Be6 4. d4 Nd7 5. c4 c6 6. Nc3 f5 7. Nf3 e4 8. d5 exf3
9. dxe6 Ne5 10. gxf3 Nf6 11. f4 Ng6 12. Bh3 Qa5 13. a3 O-O-O 14. b4 Qb6 15. Bxf5
Ne7 16. Bh3 Kb8 17. O-O Ng6 18. Qc2 Be7 19. c5 Qc7 20. cxd6 Bxd6 21. Ne4 Be7 22.
Rad1 Nh4 23. Kh1 Nd5 24. Be5 Bd6 25. Nxd6 Rxd6 26. e4 Qe7 27. exd5 Nf3 28. Bxd6+
Qxd6 29. Qe4 Nxh2 30. Kxh2 Rf8 31. Qe5 1-0

[Event "London Classic FIDE Open"]
[Site "London ENG"]
[Date "2011.12.08"]
[Round "6"]
[White "Vlcek, Marek"]
[Black "Sigurdsson, Birkir Karl"]
[Result "1-0"]
[WhiteElo "1935"]
[BlackElo "1649"]
[WhiteFideId "327611"]
[BlackFideId "2304180"]
[EventDate "2011.12.03"]

1. d4 Nf6 2. Nf3 e6 3. e3 c5 4. c3 d5 5. Bd3 Nc6 6. Nbd2 Be7 7. O-O O-O 8. Qe2
c4 9. Bc2 b5 10. e4 a5 11. Re1 Ba6 12. Ne5 Nxe5 13. dxe5 Nd7 14. exd5 exd5 15.
e6 Nf6 16. exf7+ Rxf7 17. Nf3 Bd6 18. Bg5 Qf8 19. Qd2 Bb7 20. Re2 Ng4 21. h3
Rxf3 22. hxg4 Rf7 23. Rae1 b4 24. Bf5 Kh8 25. Be6 Rc7 26. Bxd5 Rd7 27. Bxb7 Bh2+
28. Kxh2 Rxd2 29. Bxd2 Rd8 30. Bg5 Rb8 31. g3 h6 32. Bf4 Rd8 33. Bc7 Kh7 34.
Bxd8 Qxd8 35. Be4+ Kg8 36. Bg6 1-0